Diagnostika podniku, controlling a logistika III. medzinárodná vedecká konferencia
Guardado en:
| Autores Corporativos: | , |
|---|---|
| Otros Autores: | |
| Formato: | Libro |
| Lenguaje: | eslovaco inglés checo |
| Publicado: |
Žilina
EDIS-vydavateľstvo Žilinskej univerzity
2006
|
| Materias: | |
| Etiquetas: |
Sin Etiquetas, Sea el primero en etiquetar este registro!
|
MARC
| LEADER | 00000nlm$a2200000$$$4500 | ||
|---|---|---|---|
| 001 | 0048156 | ||
| 005 | 20240104135052.4 | ||
| 020 | |a 80-8070-527-5 | ||
| 041 | 0 | |a slo | |
| 041 | 0 | |a eng | |
| 041 | 0 | |a cze | |
| 044 | |a SK | ||
| 245 | 1 | 0 | |a Diagnostika podniku, controlling a logistika |b III. medzinárodná vedecká konferencia |c zostavovateľ: Tatiana Čorejová |
| 264 | 1 | |a Žilina |b EDIS-vydavateľstvo Žilinskej univerzity |c 2006 | |
| 300 | |a CD-ROM | ||
| 610 | 2 | 0 | |a diagnostika podniková |
| 610 | 2 | 0 | |a podnik |
| 610 | 2 | 0 | |a stratégia podniková |
| 610 | 2 | 0 | |a kontroling |
| 610 | 2 | 0 | |a logistika |
| 610 | 2 | 0 | |a Žilina |
| 610 | 2 | 0 | |a 2006 |
| 700 | 1 | |a Čorejová, Tatiana | |
| 110 | 2 | |a Diagnostika podniku, controlling a logistika. Medzinárodná vedecká konferencia | |
| 710 | 2 | |a Fakulta prevádzky a ekonomiky dopravy a spojov Žilinskej univerzity. Katedra spojov | |